| 000 | 00553nam a2200157Ia 4500 | ||
|---|---|---|---|
| 008 | 170221s9999 xx 000 0 und d | ||
| 100 | _aLiu, Yu. | ||
| 245 | _aCalibration of MEMS Accelerometer Based on Kalman Filter and the Improved Six Position Method | ||
| 245 | _cYu Liu, Gaolin Xiang, Yongle Lu, Yang Cao, Yunmei Li, and Lin Lv. | ||
| 260 | _bJournal of Communications | ||
| 260 | _c2015 | ||
| 300 | _aXIII : 1 | ||
| 650 | _xCommunication | ||
| 650 | _xMedia Arts | ||
| 856 | _uhttp://www.jocm.us/index.php?m=content&c=index&a=lists&catid=161 | ||
| 999 |
_c308670 _d308670 |
||